00405nam a2200157Ia 4500008004100000041000800041082001900049100003800068245002900106260003100135300000800166365000800174500001400182501001000196650004100206230725s2008 xx 000 0 und d aeng a519.5bCAM/SWI aCAMPNELL M. J., SWINSCOW T. D. V. aSTATISTICS AT SQUARE ONE bVIVA BOOKS PVT. LTD.c2008 a158 h10% aTEXT BOOK aBSTAT aBIOSTATISTICS & RESEARCH METHODOLOGY